000 00599nam a2200205Ia 4500
003 GCL
008 140319s9999 xx 000 0 ara d
040 _aGCL /
_cGCL
082 0 4 _a808.3
_bا ت
100 1 _aاسامة منزلجى
245 1 0 _aتشريح الدراما /
_cاسامة منزلجى
700 1 _aاسلن، مارتن
260 _aالاردن :
_bدار الشروق ،
_c1987
300 _a138 ص ؛
_c20 سم
490 _a
650 0 4 _aالادب الانجليزى
650 0 4 _aالمسرح الانجليزى
650 0 4 _aتاريخ ونقد
942 _2ddc
_cBK
999 _c31842
_d31842